| 000 | 00940nam1a2200253 i 4500 | ||
|---|---|---|---|
| 001 | v19\rc\1215725 | ||
| 005 | 20240726065651.0 | ||
| 035 | _a(NLR Aleph) 004378792 | ||
| 090 |
_a3598136 _c3598136 |
||
| 100 | _a20060306d1896 u||y0rusy50 ca | ||
| 101 | 0 | _arus | |
| 102 | _aRU | ||
| 105 | _a| j ||||| | ||
| 200 | 1 |
_aКраткий учебник географии _fcоставил И. Янчин |
|
| 205 | _aИзд. 16-е, испр. | ||
| 210 |
_aМосква _cиздание книжного магазина В. В. Думнова, под фирм. "Наследники бр. Салаевых" _d1896 |
||
| 215 | _d22 | ||
| 316 |
_aВ РНБ имеется только курс 1; курс 2-3 утрачен _5NLR |
||
| 700 | 1 |
_aЯнчин _bИ. В. _f1839-1889 _gИван Васильевич |
|
| 801 | 0 |
_aRU _bNLR _gpsbo |
|
| 801 | 1 |
_aRU _bProSoft-M _2rusmarc |
|
| 852 |
_aNLR _j20.90.2.42 |
||
| 942 | _cBOOK | ||